Normal view
MARC view
- Rashid, Anum
Entry Personal Name
001 - CONTROL NUMBER
- control field: 122661
003 - CONTROL NUMBER IDENTIFIER
- control field: NUST
005 - DATE AND TIME OF LATEST TRANSACTION
- control field: 20240514160642.0
008 - FIXED-LENGTH DATA ELEMENTS
- fixed length control field: 240514|| aca||aabn | a|a d
040 ## - CATALOGING SOURCE
- Original cataloging agency: NUST
- Transcribing agency: NUST
100 ## - HEADING--PERSONAL NAME
- Personal name: Rashid, Anum
670 ## - SOURCE DATA FOUND
- Source citation: Work cat.: (NUST): Rashid, Anum , Camera Based Eye Movement and EOG Detection to Control Mobility Assistive Device Using Graphical User Interface /
